Actors that have worked with George Clooney - Statistics

General Stats
  • This quiz has been taken 56 times
  • The average score is 16 of 56
Answer Stats
Movies Actor % Correct
Confessions of a Dangerous Mind, Ocean's Trilogy, Syriana, The Monuments Men Matt Damon
94%
Confessions of a Dangerous Mind, Money Monster, Ocean's Eleven and Twelve Julia Roberts
91%
Burn After Reading, Confessions of a Dangerous Mind, Ocean's Trilogy Brad Pitt
83%
Gravity Sandra Bullock
74%
A Very Murray Christmas, Fantastic Mr. Fox, The Monuments Men Bill Murray
69%
Ocean's Trilogy Casey Affleck
63%
Batman and Robin Arnold Schwarzenegger
57%
The Perfect Storm, Three Kings Mark Wahlberg
54%
Fantastic Mr. Fox Meryl Streep
54%
One Fine Day Michelle Pfeiffer
54%
Ocean's Trilogy, Out of Sight Don Cheadle
51%
Ocean's Thirteen Al Pacino
49%
Ocean's Eleven Andy Garcia
43%
Out of Sight Jennifer Lopez
40%
O' Brother Where Art Thou, The Monuments Men John Goodman
40%
Ocean's Trilogy Bernie Mac
37%
The Peacemaker Nicole Kidman
37%
From Dusk Till Dawn Quentin Tarantino
37%
The Good German, The Monuments Men Cate Blanchett
34%
The Thin Red Line Sean Penn
34%
Burn After Reading, Hail, Caesar!, Michael Clayton Tilda Swinton
34%
From Dusk Till Dawn Harvey Keitel
31%
From Dusk Till Dawn Salma Hayek
31%
Batman and Robin Uma Thurman
31%
Three Kings Ice Cube
29%
The Ideas of March Ryan Gosling
29%
Ocean's Twelve Bruce Willis
23%
The Ideas of March Philip Seymour Hoffman
23%
The Men Who Stare at Goats Jeff Bridges
20%
Burn After Reading John Malkovich
20%
Fantastic Mr. Fox Owen Wilson
20%
From Dusk Till Dawn Danny Trejo
14%
Confessions of a Dangerous Mind Drew Barrymore
14%
Good Night, and Good Luck Robert Downey Jr.
14%
August: Osage County Benedict Cumberbatch
11%
Hail, Caesar! Channing Tatum
11%
A Very Murray Christmas Chris Rock
11%
The Thin Red Line John Travolta
11%
Hail, Caesar! Ralph Fiennes
11%
Hail, Caesar Scarlett Johannson
11%
Hail, Caesar Josh Brolin
9%
A Very Murray Christmas Miley Cyrus
9%
Solaris Viola Davis
9%
A Very Murray Christmas, Fantastic Mr. Fox Jason Schwartzman
6%
Syriana, The Ideas of March Jeffrey Wright
6%
Burn After Reading, Up in the Air J. K. Simmons
6%
The Thin Red Line John Cusack
6%
Confessions of a Dangerous Mind Maggie Gyllenhaal
6%
Up in the Air Sam Elliot
6%
Confessions of a Dangerous Mind, Welcome to Collinwood Sam Rockwell
6%
Out of Sight Ving Rhames
6%
The Men Who Stare at Goats Ewan McGregor
3%
Fantastic Mr. Fox Willem Dafoe
3%
The Thin Red Line Woody Harrelson
3%
Fantastic Mr. Fox Michael Gambon
0%
The Good German Tobey Maguire
0%
No matching quizzes found
Score Distribution
Percent of People with Each Score
Percentile by Number Answered
Your Score History
You have not taken this quiz